| 000 | 00728nam a2200241 a 4500 | ||
|---|---|---|---|
| 008 | 041208s2004||||xo g 0000f slo d | ||
| 020 |
_a808049391X _c67 |
||
| 040 |
_aSNK _bslo _cSNK _eAACR2 |
||
| 041 | 1 |
_aslo _heng |
|
| 044 |
_axo _cSK _cSK |
||
| 072 | 7 |
_a821.111(73)-3 _xAmerická próza _2konspekt |
|
| 080 |
_a(0:82-312.4) _2MDT-MRF |
||
| 080 |
_a821.111(73)-31 _2MDT-MRF |
||
| 100 | 1 |
_aHooper, Kay _d1957- |
|
| 240 | 1 | 0 |
_aTouching evil _lSlovensky |
| 245 | 1 | 0 |
_aMedzi nebom a zemou- _bMaggie _cKay Hooper ; [preklad Patrik Frank] |
| 250 | _a[1. vyd.] | ||
| 260 |
_aMartin _bWist _c2004 |
||
| 300 |
_a282 s. _c19 cm |
||
| 700 | 1 |
_aFrank, Patrik _4prk |
|
| 730 | _aTouching evil | ||
| 765 | 0 |
_tTouching evil _aHooper, Kay, 1957- |
|
| 999 |
_c12222 _d12222 |
||